000 00614nam a2200205Ia 4500
005 20250508152755.0
008 008 250505s9999 xx 000 0 eng d
037 _aTextual
040 _aFEDL
_beng
_cFEDL
041 _aeng
_2eng
084 _a155.28, PAS
_qFEDL
100 _aPascal Gerald R.
_9762344
245 0 _aBender - gestalt test : Quantification and validity for adults
260 _aNew York, USA
_bGrune and Stratton
_c1951
300 _axiii,274p.
650 _aPersonality
700 _a Suttell Barbara J.
_9762345
942 _cTEXL
_h155.28, PAS
999 _c1338673
_d1338673